000
00319nam a2200109 a 4500
005
20140414093837.0
008
030528s19uu xx 00 eng d
050
_a
VHS 800
_b
OR 21
245
_a
Warriors of virtue :
_b
prepare for an incredible journey the adventure is about to begin!.
942
_c
AVM
999
_c
109095
_d
109095